Statistics for US States Affected Most By Industrial Air Pollution

Click here to take the quiz!

General Stats

  • This quiz has been taken 87 times
  • The average score is 9 of 10

Answer Stats

Millions of Pounds Created per AnnumAnswer% Correct
41.58Texas
97%
58.66Ohio
90%
29.32Florida
90%
51.87Kentucky
89%
37.28Georgia
89%
26.38Tennessee
82%
40.27Pennsylvania
81%
30.77North Carolina
81%
26.23South Carolina
81%
40.37Indiana
78%

Score Distribution

Percentile by Number Answered

Percent of People with Each Score

Your Score History

You have not taken this quiz